| 000 | 00630nam a2200205 i 4500 | ||
|---|---|---|---|
| 001 | 24974 | ||
| 003 | ES-MaACL | ||
| 005 | 20250828032805.0 | ||
| 007 | t| | ||
| 008 | 021219s1968 mx ||||1| spa d | ||
| 245 | 0 | 0 |
_aAptitud física para adultos : _bprograma para el hombre y la mujer / _c[traducido por Gonzalo Cordero]. |
| 250 | _a1ª ed. | ||
| 260 |
_aMéxico, D.F. : _bPax-México, _c1968. |
||
| 300 |
_a79 p. : _bil. ; _c21 cm. |
||
| 650 | 7 |
_aEducación física _2embne _9164269 |
|
| 650 | 4 |
_aEjercicio físico. _9135962 |
|
| 700 | 1 |
_aCordero, Gonzalo. _940508 |
|
| 852 | 4 |
_aES-MaACL _jE-9248 |
|
| 999 |
_c24974 _d24974 |
||